zpět

Detail výsledku týmu

Bar U Souseda, Plzeň

Datum a čas kvízu

30.5 Celkem bodů Celkový počet nahraných bodů na tomto kvízu bez doplňovacích otázek.
6. Pořadí na kvízu Konečné umístění týmu na tomto kvízu.

Zaznamenané odpovědi

# Otázka Odpověď Body Výsledky
1. Žatecký pivovar uvařil netradi... 1
2. V Evropské unii začalo platit... 0
3. Jeden z nejoriginálnějších umě... 1
4. Společnost Mafra, patřící do k... 1
5. Česká fotbalová reprezentace p... 0
6. Ukrajina patří mezi největší z... 1
7. Hlavním a největším městem Ukr... 1
8. Jak se jmenuje prezident Ukraj... 0
9. Mezi nejtypičtější ukrajinské... 0
10. Ukrajina drží jeden zajímavý s... 0